PSG Squad 2020-2021 - Statistics

General Stats
  • This quiz has been taken 513 times
  • The average score is 16 of 28
Answer Stats
Number Country Position Player % Correct
1 Costa Rica GK Keylor Navas
97%
7 France ATT Kylian Mbappe
93%
10 Brazil ATT Neymar Jr
93%
5 Brazil DEF Marquinhos
87%
11 Argentina MID Angel Di Maria
84%
6 Italy MID Marco Verratti
84%
3 France DEF Presnel Kimpembe
83%
18 Argentina ATT Mauro Icardi
73%
27 Senegal MID Idrissa Gueye
72%
23 Germany MID Julian Draxler
72%
16 Spain GK Sergio Rico
71%
2 Brazil DEF Thiago Silva
71%
8 Argentina MID Leandro Paredes
70%
14 Spain DEF Juan Bernat
69%
4 Germany DEF Thilo Kehrer
66%
21 Spain MID Ander Herrera
55%
20 France DEF Layvin Kurzawa
55%
17 Cameroon ATT Eric Choupo-Moting
53%
19 Spain MID Pablo Sarabia
52%
22 France DEF Abdou Diallo
46%
25 Netherlands DEF Mitchel Bakker
45%
31 France DEF Colin Dagba
40%
30 Poland GK Marcin Bulka
39%
36 Morocco MID Kays Ruiz
22%
32 France DEF Timothee Pembele
18%
29 France ATT Arnaud Kalimuendo
15%
40 France GK Garisonne Innocent
12%
34 France DEF Loic Mbe Soh
5%
No matching quizzes found
Score Distribution
Percent of People with Each Score
Percentile by Number Answered
Your Score History
You have not taken this quiz